000 01116cam a2200301 4500
999 _c23419
_d23419
001 1774170
003 BDDh-ASL
005 20231015030234.0
008 710719m19691971pk ab b 000 0 eng
010 _a 76931279
040 _aDLC
_cDLC
_dDLC
_dBDDh-ASL
043 _aa-bg---
050 0 0 _aDS393.4
_b.A57
082 0 0 _a910.35492
_bDAC
110 1 _aEast Pakistan (Pakistan).
_bServices and General Administration Department.
_bGovernment of East Pakistan.
245 1 0 _aEast Pakistan District Gazetteers: Dacca /
_cGeneral Editor: S. N. H. Rizvi.
260 _aDacca:
_bEast Pakistan Govt. Press,
_c1969-71.
300 _a550 p. :
_billus., maps (1 fold.);
_c25 cm.
350 _aRs45.00
500 _aLater vols. published 1971- entered under Bangladesh. Ministry of Cabinet affairs. Establishment Division.
504 _aIncludes bibliographies.
505 0 _a[1] Dacca.--[2] Chittagong.--[3] Sylhet.
650 0 _93522
_aDistrict Gazetteers
651 0 _aBangladesh.
_zDacca
700 1 _aRizvi, S. N. H.,
_d1914-
_eed.
906 _a7
_bcbc
_corignew
_d4
_encip
_f19
_gy-gencatlg
942 _2ddc
_cBK